Pinturas rupestres de la Gasulla (Castellón) / por Eduardo Ripoll Perelló... ; con reproducción de calcos del Abate H. Breuil ; con la colaboración de Antonio Bregante y Victorino Tolós
Publicado:
Barcelona :
Instituto de Prehistoria y Arqueología de la Diputación Provincial de Barcelona ; New York : Wenner - Gren Foundation for Anthropological Research ,
1963
Descripción Física:
59 p. . il., XXXV f. de làm. ; 31 cm
MARC
| LEADER | 00000nam a2200000Ia 4500 | ||
|---|---|---|---|
| 001 | 1845 | ||
| 008 | 160829s1963 xx 000 0 cat d | ||
| 080 | |a B-1-17 | ||
| 100 | 1 | |a Ripoll i Perelló, Eduard, |d 1923-2006 |9 20913 | |
| 245 | |a Pinturas rupestres de la Gasulla (Castellón) / por Eduardo Ripoll Perelló... ; con reproducción de calcos del Abate H. Breuil ; con la colaboración de Antonio Bregante y Victorino Tolós | ||
| 260 | |a Barcelona : |b Instituto de Prehistoria y Arqueología de la Diputación Provincial de Barcelona ; New York : |b Wenner - Gren Foundation for Anthropological Research, |c 1963 | ||
| 300 | |a 59 p. . il., XXXV f. de làm. ; |c 31 cm | ||
| 490 | |a Monografías de Arte Rupestre. Arte levantino ; 2 | ||
| 650 | |a Gasulla, Barranc de la (Castelló de la Plana : Jaciment arqueològic) |9 34306 | ||
| 650 | |a Pintura rupestre |x Gasulla, Barranc de la (Castelló de la Plana) |9 34307 | ||
| 650 | |a Art prehistòric |x Gasulla, Barranc de la (Castelló de la Plana) I |9 34308 | ||
| 651 | 0 | |a Castelló de la Plana (País Valencià) |x Arqueologia |9 56114 | |
| 700 | 1 | |a Breuil, Henri, |d 1877-1961 |9 34310 | |
| 700 | |a Bregante Ribas, Antonio |9 43448 | ||
| 700 | |a Tolós, Victorino I |9 34312 | ||
| 700 | |a Institut de Prehistòria i Arqueologia (Barcelona) | ||
| 710 | 2 | |a Wenner-Gren Foundation for Anthropological Research |9 55543 | |
| 901 | |a Arxiu | ||
| 942 | |n 1 | ||
| 952 | |0 0 |1 0 |4 0 |6 B117 |7 1 |9 46460 |a Arxiu |b Arxiu |d 2016-12-01 |l 0 |o B-1-17 |p 1845 |r 2016-12-01 00:00:00 |w 2016-12-01 |y ARXIU | ||
| 999 | |c 50245 |d 50245 | ||